书目信息 |
| 题名: |
战略与目标:城市管理系统与操作新论
|
|
| 作者: | 叶南客 , 李芸 著 | |
| 分册: | ||
| 出版信息: | 南京 东南大学出版社 2000.01 |
|
| 页数: | 380页 | |
| 开本: | 20cm | |
| 丛书名: | ||
| 单 册: | ||
| 中图分类: | F293 | |
| 科图分类: | ||
| 主题词: | 城市经济 , 市政经济 | |
| 电子资源: | ||
| ISBN: | 7-81050-548-3 | |
| 000 | 00624nam0 2200205 45 | |
| 001 | 0012140881 | |
| 005 | 20001214085535.3 | |
| 010 | @a7-81050-548-3@dRMB 26.00 | |
| 100 | @a20001214d2000 km y0chiy0120 ea | |
| 101 | 0 | @achi |
| 200 | 1 | @a战略与目标:城市管理系统与操作新论@AZhan Lue Yu Mu Biao:Cheng Shi Guan Li Xi Tong Yu CaoZuo Xin Lun@f叶南客,李芸著@FYe Nan Ke,Li Yun Zhu |
| 210 | @a南京@c东南大学出版社@d2000.01 | |
| 215 | @a380页@d20cm | |
| 606 | 0 | @a城市经济 |
| 606 | 0 | @a市政经济 |
| 690 | @aF293@v3 | |
| 701 | 0 | @a叶南客@4著 |
| 701 | 0 | @a李芸@4著 |
| 801 | @aCN@bPftUser@c20001214 | |
| 905 | @b312928-929@dF293@eY377@f2 | |
| 战略与目标:城市管理系统与操作新论/叶南客,李芸著.-南京:东南大学出版社,2000.01 |
| 380页;20cm |
| ISBN 7-81050-548-3:RMB 26.00 |
| ● |
| 相关链接 |
|
|
|
正题名:战略与目标:城市管理系统与操作新论
索取号:F293/Y377
 
预约/预借
| 序号 | 登录号 | 条形码 | 馆藏地/架位号 | 状态 | 备注 |
| 1 | 312928 | 203129284 | 社科二线422/422社科库 44排2列3层/ [索取号:F293/Y377] | 在馆 | |
| 2 | 312929 | 203129293 | 社科库409/422社科库 47排2列1层/ [索取号:F293/Y377] | 在馆 |